01537nas a2200241Ia 4500001001100000003001000011008004100021040002500062041001300087100003900100210001200139222001200151245007700163250001100240260005100251300001100302310001500313362003500328500040200363501011400765520040200879650001401281R240-R2950IT-CnALBA170116c99999999xx |||||||||||| ||und|| aIT-CnALBAcIT-CnALBA aITALIANO aGLENDAY P. DAVID, MISS. COMBONIANO aSE VUOI aSE VUOI 0aSE VUOI. RIVISTA DI ORIENTAMENTO. N. IV. ANNO XXXV. LUGLIO AGOSTO 1994.  a1a ed. aCINISELLO BALSAMO (MI)bEDIZIONI PAOLINEc1994 a66 p.  aBIMESTRALE aFascicolo: 4 / Anno: 35 (1994) aSINODO 1994, SPERANZA. ABIGAIL MOGLIE DI DAVIDE. TUTTI CHIAMATI. SEGRETO DEL BOSCO VECCHIO, FILM. MERAVIGLIE IN TE, CANTO. NOME, FOTOLINGUAGGIO. SUOR TECLA MERLO. GIOVANNI BATTISTA. TESTIMONIANZE, CRISTO LIBERTÀ. DON GIUSEPPE DIANA, SEME DI PACE. MOSTRA VOCAZIONALE DI SIENA. AFRICA, STATISTICHE. SPAZIO DEI LETTORI. RECENSIONI LIBRI. BOSETTI E. CIARDI F. CADORIN B. BASSI A. PIERI F. LORIGA P.  aSocietà San Paolo EM - Piazza San Paolo, 14 - 12051 ALBA (CN) (non commercial uses only) ® Copyright 2017 aSINODO 1994, SPERANZA. ABIGAIL MOGLIE DI DAVIDE. TUTTI CHIAMATI. SEGRETO DEL BOSCO VECCHIO, FILM. MERAVIGLIE IN TE, CANTO. NOME, FOTOLINGUAGGIO. SUOR TECLA MERLO. GIOVANNI BATTISTA. TESTIMONIANZE, CRISTO LIBERTÀ. DON GIUSEPPE DIANA, SEME DI PACE. MOSTRA VOCAZIONALE DI SIENA. AFRICA, STATISTICHE. SPAZIO DEI LETTORI. RECENSIONI LIBRI. BOSETTI E. CIARDI F. CADORIN B. BASSI A. PIERI F. LORIGA P.  aVOCAZIONE